Corpus linguistics at work

Saved in:
Bibliographic Details
Main Author: Tognini-Bonelli, Elena (Author)
Format: Book
Language:English
Published: Amsterdam John Benjamins 2001
Series:Studies in Corpus Linguistics, 6
Subjects:
Tags: Add Tag
No Tags, Be the first to tag this record!

MARC

LEADER 00000nam a2200000 a 4500
001 UCL9515
003 CL-VaPUC
008 040813e20010000NE |||||||||||||||||eng|d
020 |a 9027222762 
082 0 4 |a 410.1  |b TOG  |2 21 
100 0 |a Tognini-Bonelli, Elena  |e author  |9 487383 
245 1 0 |a Corpus linguistics at work 
300 |a 223 p 
942 |c BK 
945 |d 20040813 00:00:00  |a cmena 
260 |a Amsterdam  |b John Benjamins  |c 2001 
650 0 |a Teorías lingüísticas  |9 464904 
650 7 |a LINGUISTICA COMPUTACIONAL  |2 CL-VaPUC  |9 487384 
650 0 |a Lingüística aplicada   |9 313266 
650 0 |a Métodos de enseñanza  |9 270413 
650 0 |a Innovaciones pedagógicas  |9 307471 
583 |a last modification  |c 20040813 00:00:00  |k Rodrigo Vera 
490 0 |a Studies in Corpus Linguistics, 6 
999 |c 310281  |d 310279 
952 |0 0  |1 0  |4 0  |6 410_100000000000000_TOG_2001  |7 0  |8 A  |9 378572  |a FDOPOS  |b FDOPOS  |d 2019-11-21  |i 4048555  |o 410.1 TOG 2001  |p 4048555  |r 2025-01-22  |w 2019-11-21  |y BK  |k MLA 
952 |0 0  |1 0  |4 0  |6 410_100000000000000_TOG_2001  |7 0  |8 A  |9 378573  |a FDOPOS  |b FDOPOS  |d 2019-11-21  |i 4048563  |o 410.1 TOG 2001  |p 4048563  |r 2025-01-22  |w 2019-11-21  |y BK  |k MLA